[Event "Chess Holiday 2017 K21"]
[Site "Prague"]
[Date "2017.07.23"]
[Round "1"]
[White "Sittinger, Lutz"]
[Black "Morling, Joakim"]
[Result "1-0"]
[WhiteElo "1867"]
[BlackElo "2000"]
[PlyCount "73"]
[EventDate "2017.07.23"]
[EventType "tourn"]
[EventRounds "9"]
[EventCountry "CZE"]
[SourceTitle "EXT 2024"]
[Source "ChessBase"]
[SourceDate "2023.10.10"]
[SourceVersion "1"]
[SourceVersionDate "2023.10.10"]
[SourceQuality "1"]

1. d4 d5 2. c4 Nc6 3. Nc3 dxc4 4. e3 e5 5. d5 Nce7 6. Bxc4 a6 7. Nf3 Ng6 8. h3 f5 9. e4 f4 10. Bd2 Nh6 11. a3 Bd6 12. Qe2 0-0 13. 0-0-0 Kh8 14. g3 b5 15. Ba2 Bd7 16. g4 Nf7 17. Rdg1 Nh4 18. Nxh4 Qxh4 19. f3 Qe7 20. h4 Bxa3 21. bxa3 Qxa3+ 22. Kc2 b4 23. Ra1 bxc3 24. Bxc3 Qc5 25. Rhc1 Bb5 26. Qe1 Nd6 27. Kd1 Nc4 28. Bb3 Ne3+ 29. Kd2 Nf1+ 30. Kd1 Qg1 31. Bxe5 Qg2 32. Rxc7 Qxf3+ 33. Kc2 Ne3+ 34. Kb2 Rg8 35. Qc3 Qxg4 36. d6 Rab8 37. Ka3 1-0

[Event "Prague Holiday M21"]
[Site "Prague"]
[Date "2016.07.24"]
[Round "1"]
[White "Houska, Jiri"]
[Black "Morling, Joakim"]
[Result "1-0"]
[WhiteElo "2206"]
[BlackElo "2066"]
[PlyCount "73"]
[EventDate "2016.07.24"]
[EventType "tourn"]
[EventRounds "9"]
[EventCountry "CZE"]
[SourceTitle "EXT 2023"]
[Source "ChessBase"]
[SourceDate "2022.10.05"]
[SourceVersion "1"]
[SourceVersionDate "2022.10.05"]
[SourceQuality "1"]

1. d4 d5 2. c4 e6 3. Nc3 Nf6 4. Bg5 Be7 5. e3 h6 6. Bxf6 Bxf6 7. Nf3 0-0 8. Qc2 b6 9. cxd5 exd5 10. Be2 Be6 11. b4 a5 12. b5 c5 13. bxc6 Nxc6 14. 0-0 Be7 15. Rfc1 Ba3 16. Rd1 Ne7 17. Qb3 Bb4 18. Nb5 Nc8 19. Ne5 Bd6 20. Rac1 Re8 21. a4 f6 22. Nd3 Bb8 23. Bf3 Ne7 24. Rc3 Ng6 25. g3 Ne7 26. Rdc1 g5 27. Bh5 Bf7 28. Bxf7+ Kxf7 29. Nc7 Bxc7 30. Rxc7 Qd6 31. e4 Rec8 32. e5 Qxc7 33. Rxc7 Rxc7 34. exf6 Kxf6 35. Ne5 Kg7 36. Qxb6 Rac8 37. Qe6 1-0

[Event "Deltalift op"]
[Site "Tylosand"]
[Date "2016.05.05"]
[Round "3"]
[White "Morling, Joakim"]
[Black "Issa, Omar"]
[Result "0-1"]
[WhiteElo "2059"]
[BlackElo "1896"]
[PlyCount "56"]
[EventDate "2016.05.05"]
[EventType "swiss"]
[EventRounds "8"]
[EventCountry "SWE"]
[SourceTitle "CBM 172 Extra"]
[Source "ChessBase"]
[SourceDate "2016.06.21"]
[SourceVersion "1"]
[SourceVersionDate "2016.06.21"]
[SourceQuality "1"]

1. d4 d5 2. c4 e6 3. Nc3 c6 4. Nf3 Nf6 5. cxd5 exd5 6. Bg5 Nbd7 7. e3 h6 8. Bh4 Qa5 9. Bd3 Bb4 10. Qc2 Bxc3+ 11. bxc3 Ne4 12. Bxe4 dxe4 13. Qxe4+ Kf8 14. Qe7+ Kg8 15. 0-0 g5 16. Bg3 Qf5 17. Ne5 Qe6 18. Qa3 Rh7 19. f4 f6 20. Nxd7 Bxd7 21. fxg5 Qxe3+ 22. Kh1 hxg5 23. Rae1 Qxg3 24. Kg1 Rxh2 25. Re2 Qh4 26. Qb3+ Kh8 27. g4 Qg3+ 28. Rg2 Qxg2# 0-1

[Event "SWE-chT 1415 Superettan"]
[Site "Sweden"]
[Date "2015.01.17"]
[Round "4"]
[White "Morling, Joakim"]
[Black "Andersson, Michael"]
[Result "1-0"]
[WhiteElo "2115"]
[BlackElo "2136"]
[PlyCount "59"]
[EventDate "2014.11.21"]
[EventType "team-tourn"]
[EventRounds "9"]
[EventCountry "SWE"]
[SourceTitle "EXT 2018"]
[Source "ChessBase"]
[SourceDate "2017.10.13"]
[SourceVersion "1"]
[SourceVersionDate "2017.10.13"]
[SourceQuality "1"]
[WhiteTeam "Limhamn II"]
[BlackTeam "Kamraterna"]
[WhiteTeamCountry "SWE"]
[BlackTeamCountry "SWE"]

1. d4 g6 2. c4 Bg7 3. Nc3 c5 4. d5 Bxc3+ 5. bxc3 f5 6. e4 fxe4 7. f3 Qa5 8. Qc2 d6 9. fxe4 Nf6 10. Bd3 Nbd7 11. Nf3 Ng4 12. 0-0 Nde5 13. Ne1 Bd7 14. Rb1 0-0-0 15. Bg5 Rde8 16. h3 h6 17. Bf4 g5 18. Bg3 Nf6 19. Qb2 Qc7 20. Bxe5 dxe5 21. d6 Qc6 22. Bc2 b6 23. Qa3 a5 24. Nd3 Qxd6 25. Nxe5 Bxh3 26. Rxb6 Qxe5 27. Qxa5 Bd7 28. Rd1 e6 29. Qa8+ Kc7 30. Rb7+ 1-0